Rent review provision in leases (Record no. 99401)
[ view plain ]
| 000 -LEADER | |
|---|---|
| fixed length control field | 00443cam a2200181 4500 |
| 001 - CONTROL NUMBER | |
| control field | D11785 |
| 008 - FIXED-LENGTH DATA ELEMENTS--GENERAL INFORMATION | |
| fixed length control field | 090401t xxu||||| |||| 00| 0 eng d |
| 035 ## - SYSTEM CONTROL NUMBER | |
| System control number | (Sirsi) u99607 |
| 041 ## - LANGUAGE CODE | |
| Language code of text/sound track or separate title | eng |
| 050 ## - LIBRARY OF CONGRESS CALL NUMBER | |
| Classification number | 346.4104343 |
| 100 ## - MAIN ENTRY--PERSONAL NAME | |
| Personal name | Wheeler, T.C. |
| 245 ## - TITLE STATEMENT | |
| Title | Rent review provision in leases |
| 350 ## - PRICE (NR) (BK AM CF MU VM SE) [OBSOLETE] | |
| Price | 0 |
| 520 ## - SUMMARY, ETC. | |
| Summary, etc. | In: The Blundell Memorial Lectures April-May 1976 |
| 700 ## - ADDED ENTRY--PERSONAL NAME | |
| Personal name | Bernstein, Ronald |
| 942 ## - ADDED ENTRY ELEMENTS (KOHA) | |
| Suppress in OPAC | 0 |
| 948 ## - LOCAL PROCESSING INFORMATION (OCLC); SERIES PART DESIGNATOR (RLIN) | |
| c (OCLC) | 04/03/1997 |
| Withdrawn status | Lost status | Source of classification or shelving scheme | Damaged status | Not for loan | Home library | Current library | Shelving location | Date acquired | Total Checkouts | Full call number | Barcode | Date last seen | Copy number | Price effective from | Koha item type |
|---|---|---|---|---|---|---|---|---|---|---|---|---|---|---|---|
| Other/Generic Classification Scheme | London | London | Basement | 14/06/2000 | IN BLUNDELL MEMORIAL LECTURES 1976 | 99607-1001 | 06/08/2019 | 1 | 06/08/2019 | Book |